Financial Accounting / (Record no. 1099)

MARC details
000 -LEADER
Fixed length control field 00470nam a2200181 4500
003 - CONTROL NUMBER IDENTIFIER
Control field SEACOMMC
005 - DATE AND TIME OF LATEST TRANSACTION
Control field 20250505114907.0
008 - FIXED-LENGTH DATA ELEMENTS--GENERAL INFORMATION
Fixed length control field 250224b |||||||| |||| 00| 0 eng d
020 ## - INTERNATIONAL STANDARD BOOK NUMBER / ISBN
Price Rs.400.00
040 ## - CATALOGING SOURCE
Original cataloging agency SEACOMMC
082 ## - DEWEY DECIMAL CLASSIFICATION NUMBER
Classification number 657
Book Number B 322
100 ## - MAIN ENTRY--PERSONAL NAME
Personal name Basu, Sankar Prasad
245 1# - TITLE STATEMENT
Title Financial Accounting /
Statement of responsibility Sankar Prasad Basu [and] Monilal Das
250 ## - EDITION STATEMENT
Edition statement 12th ed.
260 ## - IMPRINT
Place of publication Kolkota
Name of publisher Rabindra Library
Date of publication 2007
650 ## - SUBJECT ADDED ENTRY--TOPICAL TERM
Topical term Commerce
942 ## - ADDED ENTRY ELEMENTS (KOHA)
Koha item type Books
Holdings
Withdrawn status Lost status Source of classification Damaged status Not for loan Home library Current library Shelving location Date acquired Total Checkouts Call number Accession number Date last seen Price effective from Koha item type Copy number
    Dewey Decimal Classification     SEACOM MANAGEMENT COLLEGE SEACOM MANAGEMENT COLLEGE Reference 15/11/2008   657 B 322 M-2230 24/02/2025 24/02/2025 Reference Books  
    Dewey Decimal Classification     SEACOM MANAGEMENT COLLEGE SEACOM MANAGEMENT COLLEGE   15/11/2008   657 B 322 M-2231 24/02/2025 24/02/2025 Books 1
© Seacom Engineering College, All rights reserved.    Powered by Koha